Developing the Security Conscious Mindest. (Record no. 3635)
[ view plain ]
| 000 -LEADER | |
|---|---|
| fixed length control field | 00418nam a22001457a 4500 |
| 008 - FIXED-LENGTH DATA ELEMENTS--GENERAL INFORMATION | |
| fixed length control field | 250523b |||||||| |||| 00| 0 eng d |
| 020 ## - INTERNATIONAL STANDARD BOOK NUMBER | |
| ISBN | 9789789565993 |
| 100 ## - MAIN ENTRY--AUTHOR | |
| Author | Gambo Zubairu Awwal |
| 245 ## - TITLE STATEMENT | |
| Title | Developing the Security Conscious Mindest. |
| 260 ## - PUBLICATION, DISTRIBUTION, ETC. (IMPRINT) | |
| Place of publication | N.P |
| Name of publisher | N.P |
| Date of publication | 2021 |
| 300 ## - COLLATION | |
| Pagination | 131p. |
| 650 ## - TRACINGS | |
| Main Subject | National security- Nigeia evaluation |
| Subdivision (1st) | Terrorism- prevention- Nigeia |
| 942 ## - ADDED ENTRY ELEMENTS (KOHA) | |
| Item type | Books |
| 050 ## - LIBRARY OF CONGRESS CALL NUMBER | |
| Classification number | UA 861.3 |
| Item number | .G36 |
No items available.